[Event "SLO-chT Central 23rd"]
[Site "Slovenia"]
[Date "2022.10.20"]
[Round "5.1"]
[White "Mihelic, Vesna"]
[Black "Kirasic, Branko"]
[Result "1-0"]
[WhiteElo "2031"]
[BlackElo "1938"]
[PlyCount "151"]
[EventDate "2022.09.15"]
[EventType "team-swiss"]
[EventRounds "9"]
[EventCountry "SLO"]
[SourceTitle "EXT 2024"]
[Source "ChessBase"]
[SourceDate "2023.10.10"]
[SourceVersion "1"]
[SourceVersionDate "2023.10.10"]
[SourceQuality "1"]
[WhiteTeam "Menges Trzin"]
[BlackTeam "Visnja Gora Sticna"]
[WhiteTeamCountry "SLO"]
[BlackTeamCountry "SLO"]

1. e4 c5 2. Nf3 a6 3. d4 cxd4 4. Nxd4 e5 5. Nf3 Nf6 6. Bc4 Be7 7. 0-0 Qc7 8. Bb3 d6 9. Nc3 Bg4 10. Bg5 Nbd7 11. h3 Be6 12. Bxf6 Nxf6 13. Nd5 Bxd5 14. Bxd5 Nxd5 15. Qxd5 Rc8 16. Rfd1 0-0 17. c3 Qb6 18. Rd2 Rfd8 19. Rad1 Rc5 20. Qd3 g6 21. Qe3 Qc7 22. Ne1 a5 23. Qg3 Rc4 24. Qf3 b5 25. Nc2 b4 26. Ne3 bxc3 27. Rc2 Rd4 28. Rxc3 Rxd1+ 29. Qxd1 Qd7 30. Nd5 Qe6 31. Qa4 f5 32. Rc7 Bf8 33. Qb3 Kh8 34. exf5 gxf5 35. Qb7 Qg6 36. Rf7 Bg7 37. Qe7 Rg8 38. Ne3 Bh6 39. Qf6+ Qxf6 40. Rxf6 Bxe3 41. fxe3 Rb8 42. b3 a4 43. bxa4 Rb1+ 44. Kh2 Rb4 45. Rxd6 Rxa4 46. Rd2 Re4 47. Rd3 f4 48. exf4 Rxf4 49. Kg3 Ra4 50. a3 Kg7 51. Rf3 Kg6 52. Kf2 Kg5 53. Rb3 Kf5 54. Ke2 Re4+ 55. Kd2 Ra4 56. Kc2 Rc4+ 57. Rc3 Rd4 58. Rd3 Ra4 59. Kb3 Ke4 60. Rd7 Ra6 61. Rxh7 Ke3 62. g4 e4 63. g5 Kf4 64. h4 e3 65. Re7 Rb6+ 66. Kc4 Ra6 67. Kb4 Rd6 68. a4 Rd4+ 69. Kb5 Re4 70. Rxe4+ Kxe4 71. g6 e2 72. g7 e1Q 73. g8Q Qb1+ 74. Kc5 Qa1 75. Qg4+ Ke5 76. Qg7+ 1-0

[Event "SLO-chT 16th"]
[Site "Ljubljana"]
[Date "2006.07.06"]
[Round "6"]
[White "Filip, Matej"]
[Black "Kirasic, Branko"]
[Result "1-0"]
[WhiteElo "2027"]
[BlackElo "1800"]
[PlyCount "89"]
[EventDate "2006.07.03"]
[EventType "team"]
[EventRounds "9"]
[EventCountry "SLO"]
[SourceTitle "EXT 2008"]
[Source "ChessBase"]
[SourceDate "2007.11.25"]
[SourceVersion "1"]
[SourceVersionDate "2007.11.25"]
[SourceQuality "1"]

1. d4 d5 2. c4 e5 3. dxe5 d4 4. Nf3 Nc6 5. Nbd2 Bg4 6. a3 Nge7 7. h3 Bxf3 8. Nxf3 Ng6 9. e3 dxe3 10. Bxe3 Ngxe5 11. Nxe5 Nxe5 12. Be2 Be7 13. Qc2 Bf6 14. Rd1 Qe7 15. 0-0 0-0 16. Rd2 b6 17. Rfd1 Rfd8 18. Qe4 Rab8 19. f4 Ng6 20. Qxe7 Bxe7 21. g3 Rxd2 22. Rxd2 Rd8 23. Rxd8+ Bxd8 24. Bd4 c5 25. Bc3 Ne7 26. Bd3 Nc6 27. Kf2 g6 28. f5 Bc7 29. g4 Kf8 30. Ke3 Be5 31. Bxe5 Nxe5 32. Be2 f6 33. Ke4 g5 34. Kd5 Ke7 35. b4 cxb4 36. axb4 a5 37. bxa5 bxa5 38. Bd1 Nd3 39. c5 Nb4+ 40. Kc4 Kd7 41. Kb5 Nd3 42. Kb6 Nf4 43. c6+ Kd6 44. Bf3 a4 45. c7 1-0

[Event "SLO-chT 16th"]
[Site "Ljubljana"]
[Date "2006.07.06"]
[Round "7"]
[White "Kirasic, Branko"]
[Black "Pucelj, Marko"]
[Result "1/2-1/2"]
[WhiteElo "1800"]
[BlackElo "1927"]
[PlyCount "45"]
[EventDate "2006.07.03"]
[EventType "team"]
[EventRounds "9"]
[EventCountry "SLO"]
[SourceTitle "EXT 2008"]
[Source "ChessBase"]
[SourceDate "2007.11.25"]
[SourceVersion "1"]
[SourceVersionDate "2007.11.25"]
[SourceQuality "1"]

1. Nf3 d5 2. d4 c6 3. e3 Nf6 4. c4 e6 5. Nc3 Nbd7 6. Qc2 Be7 7. Bd3 0-0 8. 0-0 dxc4 9. Bxc4 b5 10. Bd3 Bb7 11. Ng5 h6 12. Nge4 e5 13. Rd1 exd4 14. exd4 a6 15. a3 Qc7 16. Ne2 Nxe4 17. Bxe4 Bd6 18. g3 Nf6 19. Bg2 Rfe8 20. Bf4 Re7 21. Rac1 Rae8 22. Bxd6 Qxd6 23. Nf4 1/2-1/2

[Event "SLO-chT 16th"]
[Site "Ljubljana"]
[Date "2006.07.06"]
[Round "5"]
[White "Kirasic, Branko"]
[Black "Tavcar, Rado"]
[Result "1/2-1/2"]
[WhiteElo "1800"]
[BlackElo "2112"]
[PlyCount "42"]
[EventDate "2006.07.03"]
[EventType "team"]
[EventRounds "9"]
[EventCountry "SLO"]
[SourceTitle "EXT 2008"]
[Source "ChessBase"]
[SourceDate "2007.11.25"]
[SourceVersion "1"]
[SourceVersionDate "2007.11.25"]
[SourceQuality "1"]

1. e4 e5 2. Nf3 Nc6 3. Bc4 Be7 4. 0-0 Nf6 5. Nc3 0-0 6. d4 d6 7. d5 Nb8 8. Ne1 a6 9. a4 Nbd7 10. f3 b6 11. Be3 a5 12. Qe2 Nc5 13. Bxc5 bxc5 14. Nd1 Nd7 15. Ne3 Nb6 16. Bb5 f5 17. exf5 Bxf5 18. Nxf5 Rxf5 19. Bd3 Rf7 20. Rd1 c4 21. Bxc4 Nxa4 1/2-1/2

[Event "SLO-chT 16th"]
[Site "Ljubljana"]
[Date "2006.07.05"]
[Round "4"]
[White "Buzeti, Jernej"]
[Black "Kirasic, Branko"]
[Result "1/2-1/2"]
[WhiteElo "1989"]
[BlackElo "1800"]
[PlyCount "32"]
[EventDate "2006.07.03"]
[EventType "team"]
[EventRounds "9"]
[EventCountry "SLO"]
[SourceTitle "EXT 2008"]
[Source "ChessBase"]
[SourceDate "2007.11.25"]
[SourceVersion "1"]
[SourceVersionDate "2007.11.25"]
[SourceQuality "1"]

1. e4 c5 2. Nf3 d6 3. d4 cxd4 4. Nxd4 Nf6 5. Nc3 a6 6. Be2 Nc6 7. Be3 e6 8. 0-0 Be7 9. f4 Qc7 10. Bf3 Bd7 11. Kh1 Na5 12. Qe1 Nc4 13. Bc1 Rc8 14. b3 Na5 15. Bb2 Nc6 16. Nxc6 Bxc6 1/2-1/2